Physics 101 Workbook and Study Guide; (Record no. 218)
[ view plain ]
| 000 -LEADER | |
|---|---|
| fixed length control field | 00377nam a2200133 4500 |
| 005 - DATE AND TIME OF LATEST TRANSACTION | |
| control field | 20260414092856.0 |
| 008 - FIXED-LENGTH DATA ELEMENTS--GENERAL INFORMATION | |
| fixed length control field | 260414b |||||||| |||| 00| 0 eng d |
| 020 ## - INTERNATIONAL STANDARD BOOK NUMBER | |
| International Standard Book Number | 9781492127284 |
| 100 ## - MAIN ENTRY--PERSONAL NAME | |
| Personal name | Pecina Anthony |
| 245 ## - TITLE STATEMENT | |
| Title | Physics 101 Workbook and Study Guide; |
| Statement of responsibility, etc. | / Anthony Pecina |
| 260 ## - PUBLICATION, DISTRIBUTION, ETC. | |
| Place of publication, distribution, etc. | Britain; |
| Name of publisher, distributor, etc. | Amazon.co.uk.Ltd; |
| Date of publication, distribution, etc. | 2013 |
| 300 ## - PHYSICAL DESCRIPTION | |
| Extent | 320p.ill; |
| Dimensions | 27.6cm |
| 942 ## - ADDED ENTRY ELEMENTS (KOHA) | |
| Source of classification or shelving scheme | Library of Congress Classification |
| Suppress in OPAC | No |
| Koha item type | Books |
No items available.
